Zákony III/2007 zákonník práce
Uložené v:
| Médium: | Kniha |
|---|---|
| Jazyk: | Slovak |
| Vydavateľské údaje: |
Žilina
Poradca
2007
|
| Predmet: | |
| Tagy: |
Žiadne tagy, Buďte prvý, kto otaguje tento záznam!
|
MARC
| LEADER | 00000nam$a2200000$$$4500 | ||
|---|---|---|---|
| 001 | 0053531 | ||
| 005 | 20240318120955.1 | ||
| 022 | |a 1335-1583 | ||
| 041 | 0 | |a slo | |
| 044 | |a SK | ||
| 245 | 1 | 0 | |a Zákony III/2007 |b zákonník práce |
| 264 | 1 | |a Žilina |b Poradca |c 2007 | |
| 300 | |a 784 s. | ||
| 610 | 2 | 0 | |a predpisy právne |
| 610 | 2 | 0 | |a legislatíva |
| 610 | 2 | 0 | |a zákonník práce |
| 610 | 2 | 0 | |a mzdy minimálne |
| 610 | 2 | 0 | |a pomoc sociálna |
| 610 | 2 | 0 | |a poistenie sociálne |
| 610 | 2 | 0 | |a poistenie zdravotné |
| 610 | 2 | 0 | |a politika sociálna |
| 610 | 2 | 0 | |a práca |
| 610 | 2 | 0 | |a Slovensko |